Loading...
| History - American History | 0 | 4 | 0 | 3 | 40 | 87 | 94.50 | 0 | 0 |
| Philosophy | 0 | 4 | 0 | 1 | 40 | 71 | 89.50 | 1 | 2 |
| Religion | 0 | 4 | 1 | 2 | 35 | 58 | 97.75 | 1 | 2 |
| History - World History | 0 | 4 | 1 | 0 | 35 | 14 | 36.25 | 1 | 3 |
| Literature - World Literature | 0 | 2 | 0 | 1 | 20 | 22 | 68.00 | 1 | 1 |
| Mythology | 0 | 2 | 0 | 0 | 20 | 52 | 68.50 | 0 | 2 |
| Social Science | 0 | 2 | 0 | 1 | 20 | 61 | 82.00 | 0 | 2 |
| History - European History | 0 | 2 | 0 | 1 | 20 | 73 | 79.00 | 0 | 0 |
| Literature - British Literature | 0 | 2 | 0 | 1 | 20 | 47 | 84.50 | 1 | 1 |
| Literature - European Literature | 0 | 2 | 0 | 0 | 20 | 99 | 107.50 | 0 | 2 |
| History - Other History | 0 | 2 | 1 | 0 | 15 | 69 | 76.50 | 0 | 1 |
| Painting/Sculpture | 0 | 1 | 0 | 0 | 10 | 58 | 58.00 | 0 | 1 |
| Geography | 0 | 1 | 0 | 1 | 10 | 82 | 82.00 | 0 | 1 |
| Current Events | 0 | 1 | 0 | 0 | 10 | 45 | 45.00 | 1 | 1 |